000 00721cam a2200277 4500500
005 20260405001604.0
041 _afre
042 _adc
100 1 0 _aEltchaninoff, Michel
_eauthor
245 0 0 _aEntre Zen et Zumba
260 _c2013.
500 _a99
690 _aarts martiaux
690 _aCorps
690 _aHusserl
690 _aOccident
690 _aOrient
690 _aSénèque
690 _aSport
690 _aSun Tzu
690 _aTchouang Tseu
690 _aZen
690 _aZumba
786 0 _nPhilosophie magazine | 74 | 11 | 2013-11-01 | p. 22-23 | 1951-1787
856 4 1 _uhttps://shs.cairn.info/magazine-philosophie-magazine-2013-11-page-22?lang=fr&redirect-ssocas=7080
999 _c2049054
_d2049054